[Event "BI-2012-F-00008"]
[Site "LSS email"]
[Date "2013.02.15"]
[Round "?"]
[White "Degterev, Pavel"]
[Black "Vyzharov, Ivan"]
[Result "1/2-1/2"]
[WhiteElo "2216"]
[BlackElo "2099"]
[PlyCount "82"]
[EventDate "2013.02.20"]
[EventType "tourn (corr)"]
[EventRounds "10"]
[EventCountry "GER"]
[SourceTitle "Telechess CBM 167"]
[Source "ChessBase"]
[SourceDate "2015.07.13"]
[SourceVersion "1"]
[SourceVersionDate "2015.07.13"]
[SourceQuality "1"]

1. b4 Nf6 2. Bb2 g6 3. Nf3 Bg7 4. c4 0-0 5. e3 d6 6. Be2 e5 7. 0-0 Nbd7 8. d4 e4 9. Nfd2 Re8 10. Nc3 Nf8 11. Qc2 Bf5 12. Rfd1 h5 13. Qb3 h4 14. h3 N8h7 15. a4 Ng5 16. a5 Bxh3 17. gxh3 Qd7 18. Rf1 c5 19. bxc5 dxc5 20. Nd5 Nxd5 21. cxd5 Nxh3+ 22. Kg2 Ng5 23. Rh1 h3+ 24. Kf1 cxd4 25. Bxd4 Bxd4 26. exd4 Qf5 27. Qe3 Rad8 28. d6 Rxd6 29. Nc4 Rf6 30. Rg1 Nf3 31. Bxf3 Qxf3 32. Qxf3 Rxf3 33. Ne5 Rf4 34. Rg3 h2 35. Kg2 Rd8 36. a6 bxa6 37. Rg4 Rxg4+ 38. Nxg4 f5 39. Nxh2 Rxd4 40. Rxa6 Rd7 41. Nf1 Kg7 1/2-1/2

[Event "OP-2012-0-02062"]
[Site "LSS email"]
[Date "2012.02.13"]
[Round "?"]
[White "Bobrovich, Sergey"]
[Black "Vyzharov, Ivan"]
[Result "0-1"]
[WhiteElo "1896"]
[BlackElo "2099"]
[PlyCount "66"]
[EventDate "2012.02.09"]
[EventType "tourn (corr)"]
[EventRounds "4"]
[EventCountry "GER"]
[SourceTitle "Telechess CBM 153"]
[Source "ChessBase"]
[SourceDate "2013.03.14"]
[SourceVersion "1"]
[SourceVersionDate "2013.03.14"]
[SourceQuality "1"]

1. e4 e5 2. Nf3 Nc6 3. Bb5 a6 4. Ba4 Nf6 5. 0-0 Be7 6. Re1 b5 7. Bb3 d6 8. c3 0-0 9. h3 h6 10. d4 Re8 11. d5 Na5 12. Bc2 c6 13. dxc6 Be6 14. Nbd2 Qc7 15. Nf1 Qxc6 16. Ng3 Bf8 17. Nh4 d5 18. Qf3 d4 19. Bxh6 Rac8 20. Bd2 Nc4 21. Bg5 Nd7 22. Bc1 g6 23. cxd4 exd4 24. Qd1 Nde5 25. Bd3 Bb4 26. Rf1 Be7 27. Nf3 Nxf3+ 28. gxf3 Bxh3 29. Re1 Bb4 30. Re2 Qf6 31. Rc2 Qh4 32. f4 Ne3 33. Rxc8 Nxd1 0-1

[Event "BI-2011-F-00006"]
[Site "LSS email"]
[Date "2012.02.12"]
[Round "?"]
[White "Loginov, Pavel"]
[Black "Vyzharov, Ivan"]
[Result "1-0"]
[WhiteElo "1734"]
[BlackElo "2097"]
[PlyCount "67"]
[EventDate "2012.02.15"]
[EventType "tourn (corr)"]
[EventRounds "10"]
[EventCountry "GER"]
[SourceTitle "Telechess CBM 165"]
[Source "ChessBase"]
[SourceDate "2015.03.11"]
[SourceVersion "1"]
[SourceVersionDate "2015.03.11"]
[SourceQuality "1"]

1. e4 c5 2. Nf3 d6 3. d4 cxd4 4. Nxd4 Nf6 5. Nc3 a6 6. Bg5 e6 7. f4 b5 8. e5 dxe5 9. fxe5 Qc7 10. exf6 Qe5+ 11. Be2 Qxg5 12. 0-0 Ra7 13. Qd3 Rd7 14. Ne4 Qe5 15. Nf3 Qxb2 16. Qe3 Bb7 17. Rab1 Qxc2 18. Nfg5 g6 19. Rbc1 Qxa2 20. Qf4 Qa5 21. Kh1 Qb6 22. Qxb8+ Rd8 23. Qf4 Bd6 24. Nxd6+ Qxd6 25. Qxd6 Rxd6 26. Nxf7 Bxg2+ 27. Kxg2 Kxf7 28. Rc7+ Ke8 29. f7+ Kd8 30. Rfc1 Rf8 31. Rc8+ Ke7 32. R1c7+ Rd7 33. Rxd7+ Kxd7 34. Rxf8 1-0

[Event "WC-2016-P-00003"]
[Site "LSS email"]
[Date "2012.02.12"]
[Round "?"]
[White "Tsirakovsky, Sergey"]
[Black "Vyzharov, Ivan"]
[Result "1/2-1/2"]
[WhiteElo "1797"]
[BlackElo "2073"]
[PlyCount "29"]
[EventDate "2012.02.15"]
[EventType "tourn (corr)"]
[EventRounds "12"]
[EventCountry "GER"]
[SourceTitle "Corr 2015"]
[Source "ChessBase"]
[SourceDate "2015.07.17"]
[SourceVersion "1"]
[SourceVersionDate "2015.07.17"]
[SourceQuality "1"]

1. d4 Nf6 2. c4 g6 3. Nf3 Bg7 4. g3 0-0 5. Bg2 d6 6. 0-0 c5 7. Nc3 Nbd7 8. Bg5 h6 9. Be3 Ng4 10. Bc1 cxd4 11. Nxd4 Qb6 12. Nf3 Re8 13. Nd5 Qd8 14. Nd4 Nb6 15. b3 1/2-1/2

[Event "BI-2011-F-00006"]
[Site "LSS email"]
[Date "2012.02.12"]
[Round "?"]
[White "Vyzharov, Ivan"]
[Black "Seris Granier Gonzales, Manuel Angel"]
[Result "1-0"]
[WhiteElo "2097"]
[BlackElo "1515"]
[PlyCount "25"]
[EventDate "2012.02.15"]
[EventType "tourn (corr)"]
[EventRounds "10"]
[EventCountry "GER"]
[SourceTitle "Corr 2015"]
[Source "ChessBase"]
[SourceDate "2015.07.17"]
[SourceVersion "1"]
[SourceVersionDate "2015.07.17"]
[SourceQuality "1"]

1. e4 c5 2. Nf3 d6 3. d4 cxd4 4. Nxd4 Nf6 5. Nc3 a6 6. g3 e5 7. Nde2 Be7 8. Bg2 0-0 9. 0-0 Be6 10. h3 Nbd7 11. a4 Nb6 12. b3 Nbd7 13. a5 1-0

[Event "WC-2016-P-00003"]
[Site "LSS email"]
[Date "2012.02.12"]
[Round "?"]
[White "Vyzharov, Ivan"]
[Black "Ulasevich, Sergei"]
[Result "1/2-1/2"]
[WhiteElo "2073"]
[BlackElo "2304"]
[PlyCount "52"]
[EventDate "2012.02.15"]
[EventType "tourn (corr)"]
[EventRounds "12"]
[EventCountry "GER"]
[SourceTitle "Telechess CBM 159"]
[Source "ChessBase"]
[SourceDate "2014.03.17"]
[SourceVersion "1"]
[SourceVersionDate "2014.03.17"]
[SourceQuality "1"]

1. e4 c5 2. Nf3 d6 3. d4 cxd4 4. Nxd4 Nf6 5. Nc3 a6 6. g3 e5 7. Nde2 Be7 8. Bg2 0-0 9. 0-0 Nbd7 10. h3 b5 11. g4 b4 12. Na4 Bb7 13. Ng3 Bc6 14. c4 a5 15. a3 Kh8 16. Bd2 Qb8 17. Nf5 Re8 18. f3 Bf8 19. Ne3 Be7 20. Nf5 Bd8 21. Kh2 g6 22. Ne3 Kg7 23. Nd5 Bxa4 24. Qxa4 bxa3 25. bxa3 Nc5 26. Qc6 Qc8 1/2-1/2

[Event "CP-2010-Q-00002"]
[Site "LSS email"]
[Date "2012.01.15"]
[Round "?"]
[White "Vyzharov, Ivan"]
[Black "Rychkov, Sergej"]
[Result "0-1"]
[WhiteElo "2073"]
[BlackElo "2129"]
[PlyCount "122"]
[EventDate "2012.01.20"]
[EventType "tourn (corr)"]
[EventRounds "6"]
[EventCountry "GER"]
[SourceTitle "Telechess CBM 159"]
[Source "ChessBase"]
[SourceDate "2014.03.17"]
[SourceVersion "1"]
[SourceVersionDate "2014.03.17"]
[SourceQuality "1"]

1. d4 e6 2. Nc3 d5 3. e4 Nf6 4. e5 Nfd7 5. f4 c5 6. Nf3 Nc6 7. Be3 Be7 8. Qd2 b6 9. 0-0-0 a6 10. Qf2 0-0 11. Be2 Bb7 12. h4 cxd4 13. Nxd4 b5 14. Kb1 Qc7 15. Nb3 Rac8 16. h5 b4 17. h6 g6 18. Na4 d4 19. Bc1 Na5 20. Bf3 Bxf3 21. gxf3 Nxb3 22. axb3 Nc5 23. Nxc5 Bxc5 24. Qh4 Rfd8 25. Rh2 d3 26. Qf6 Bf8 27. cxd3 Qd7 28. d4 Qd5 29. f5 exf5 30. Rd3 Rc6 31. Qh4 Ra8 32. Qe1 a5 33. Qd1 Rca6 34. Rc2 a4 35. Rc7 Qe6 36. Rc4 axb3 37. Qxb3 Ra1+ 38. Kc2 Rc8 39. d5 Qa6 40. Rdd4 Bc5 41. Rh4 Rxc1+ 42. Kxc1 g5 43. Kb1 gxh4 44. d6 h3 45. d7 Ra8 46. Qd3 Bf8 47. e6 Qa2+ 48. Kc2 b3+ 49. Qxb3 Qxb3+ 50. Kxb3 Rd8 51. exf7+ Kxf7 52. Rh4 Rxd7 53. Rxh3 Rc7 54. Rh2 Kg6 55. Rf2 Kg5 56. Ka4 Kf4 57. b4 Ra7+ 58. Kb5 Rb7+ 59. Kc6 Rxb4 60. Rf1 Rd4 61. Kb5 Rd6 0-1

[Event "LSS No Engine Cup 42 Final"]
[Site "LSS email"]
[Date "2011.11.24"]
[Round "?"]
[White "Stadler, Pavel"]
[Black "Vyzharov, Ivan"]
[Result "0-1"]
[WhiteElo "1247"]
[BlackElo "2099"]
[PlyCount "54"]
[EventDate "2011.11.25"]
[EventType "tourn (corr)"]
[EventRounds "6"]
[EventCountry "GER"]
[SourceTitle "Telechess CBM 153"]
[Source "ChessBase"]
[SourceDate "2013.03.14"]
[SourceVersion "1"]
[SourceVersionDate "2013.03.14"]
[SourceQuality "1"]

1. e4 e5 2. Nf3 Nc6 3. d4 exd4 4. Nxd4 Bc5 5. Be3 Bb6 6. c3 Nf6 7. Nd2 0-0 8. Be2 Re8 9. Bf3 Ne5 10. 0-0 d5 11. exd5 Nxd5 12. Bxd5 Qxd5 13. Qb3 Qd6 14. Nc4 Nxc4 15. Qxc4 Bd7 16. Rad1 Qg6 17. Kh1 c5 18. Ne2 Bc6 19. Nf4 Qg4 20. f3 Qf5 21. Bg1 Rad8 22. Nd3 g5 23. b3 h5 24. Bxc5 Bxc5 25. Qxc5 Rd5 26. Qc4 Bb5 27. Qc7 Rxd3 0-1

[Event "LSS No Engine Cup 42 Final"]
[Site "LSS email"]
[Date "2011.11.24"]
[Round "?"]
[White "Vyzharov, Ivan"]
[Black "Jenneborg, Seved"]
[Result "1-0"]
[WhiteElo "2099"]
[BlackElo "1686"]
[PlyCount "83"]
[EventDate "2011.11.25"]
[EventType "tourn (corr)"]
[EventRounds "6"]
[EventCountry "GER"]
[SourceTitle "Telechess CBM 153"]
[Source "ChessBase"]
[SourceDate "2013.03.14"]
[SourceVersion "1"]
[SourceVersionDate "2013.03.14"]
[SourceQuality "1"]

1. e4 c6 2. d4 d5 3. Nd2 dxe4 4. Nxe4 Nf6 5. Nxf6+ exf6 6. Bc4 Nd7 7. Ne2 Bd6 8. 0-0 Nb6 9. Bd3 Be6 10. Re1 Qc7 11. g3 0-0 12. b3 Bg4 13. c4 Rfe8 14. c5 Nd5 15. cxd6 Qd7 16. Ba3 Bf3 17. Qd2 Qh3 18. Nf4 Nxf4 19. Bf1 Bg2 20. Rxe8+ Rxe8 21. Qxf4 Bxf1 22. Rxf1 Qd7 23. d5 cxd5 24. Rc1 h6 25. Kg2 Rd8 26. Rc7 Qe6 27. Re7 Qc8 28. Qa4 a6 29. d7 Qc7 30. Qg4 Qc6 31. Qh5 g6 32. Qxh6 d4+ 33. Kh3 b6 34. f4 Qb5 35. Kh4 d3 36. Bb2 Qh5+ 37. Qxh5 gxh5 38. Re8+ Kg7 39. Rxd8 Kg6 40. Rg8+ Kf5 41. Re8 Kg6 42. d8Q 1-0

[Event "RA-2011-0-00140"]
[Site "LSS email"]
[Date "2011.07.07"]
[Round "?"]
[White "Sciarretta, Robert W"]
[Black "Vyzharov, Ivan"]
[Result "1-0"]
[WhiteElo "2163"]
[BlackElo "2072"]
[PlyCount "57"]
[EventDate "2011.06.08"]
[EventType "tourn (corr)"]
[EventRounds "6"]
[EventCountry "GER"]
[SourceTitle "Telechess CBM 151"]
[Source "ChessBase"]
[SourceDate "2012.11.13"]
[SourceVersion "1"]
[SourceVersionDate "2012.11.13"]
[SourceQuality "1"]

1. d4 Nf6 2. c4 g6 3. Nc3 Bg7 4. e4 d6 5. Nf3 0-0 6. Be2 e5 7. dxe5 dxe5 8. Bg5 Nbd7 9. 0-0 c6 10. h3 Nc5 11. Qc2 Ne6 12. Rad1 Qe7 13. Be3 Nh5 14. Rfe1 Bd7 15. c5 Rfd8 16. Rd6 b6 17. b4 Nhf4 18. Bf1 Nc7 19. Red1 Ne8 20. R6d2 b5 21. a4 a6 22. axb5 axb5 23. Bxb5 cxb5 24. Bxf4 exf4 25. Nd5 Qe6 26. Nxf4 Qc4 27. Qxc4 bxc4 28. c6 Nf6 29. Ne2 1-0

[Event "RA-2011-0-00140"]
[Site "LSS email"]
[Date "2011.07.07"]
[Round "?"]
[White "Vyzharov, Ivan"]
[Black "Sacerdotali, Sergio"]
[Result "1/2-1/2"]
[WhiteElo "2072"]
[BlackElo "2090"]
[PlyCount "45"]
[EventDate "2011.06.08"]
[EventType "tourn (corr)"]
[EventRounds "6"]
[EventCountry "GER"]
[SourceTitle "Telechess CBM 151"]
[Source "ChessBase"]
[SourceDate "2012.11.13"]
[SourceVersion "1"]
[SourceVersionDate "2012.11.13"]
[SourceQuality "1"]

1. Nf3 c5 2. c4 Nf6 3. Nc3 e6 4. g3 b6 5. Bg2 Bb7 6. 0-0 Be7 7. d4 cxd4 8. Qxd4 d6 9. Rd1 a6 10. b3 Nbd7 11. Bb2 0-0 12. e4 Qc7 13. Qe3 Rfe8 14. Nd4 Bf8 15. Rac1 Rad8 16. Qe2 Qb8 17. Ba3 Rc8 18. f3 Qc7 19. f4 g6 20. Bb2 Ba8 21. Nf3 Red8 22. Ng5 Qa7 23. Kh1 1/2-1/2

[Event "OP-2011-0-01626"]
[Site "LSS email"]
[Date "2011.06.28"]
[Round "?"]
[White "Vyzharov, Ivan"]
[Black "Kolanek, Roman"]
[Result "1/2-1/2"]
[WhiteElo "2116"]
[BlackElo "2020"]
[PlyCount "76"]
[EventDate "2011.06.26"]
[EventType "tourn (corr)"]
[EventRounds "4"]
[EventCountry "GER"]
[SourceTitle "Telechess CBM 149"]
[Source "ChessBase"]
[SourceDate "2012.07.17"]
[SourceVersion "1"]
[SourceVersionDate "2012.07.17"]
[SourceQuality "1"]

1. Nf3 c5 2. c4 Nf6 3. Nc3 Nc6 4. d4 cxd4 5. Nxd4 e6 6. g3 Qb6 7. Nb3 Ne5 8. e4 Bb4 9. Qe2 d6 10. f4 Nc6 11. Be3 Bxc3+ 12. bxc3 Qc7 13. Bg2 e5 14. 0-0 b6 15. Qd3 0-0 16. Bc1 Ba6 17. Ba3 Rad8 18. Rfd1 Qc8 19. Qf1 Qe6 20. f5 Qxc4 21. Qxc4 Bxc4 22. Bf3 h5 23. h3 g5 24. Bxd6 Rfe8 25. g4 hxg4 26. hxg4 Kg7 27. Kg2 Bb5 28. Rd2 Rc8 29. Ba3 Nd8 30. Rc1 Nb7 31. c4 Rxc4 32. Rxc4 Bxc4 33. Rc2 Rc8 34. Be2 b5 35. Nd2 Nxg4 36. Rc1 Nf6 37. Bb2 Rc5 38. Ba3 Rc7 1/2-1/2

[Event "LSS No Engine Cup 28 Final"]
[Site "LSS email"]
[Date "2011.06.11"]
[Round "?"]
[White "Vyzharov, Ivan"]
[Black "Draba, Henryk"]
[Result "1-0"]
[WhiteElo "2105"]
[BlackElo "1600"]
[PlyCount "57"]
[EventDate "2011.06.12"]
[EventType "tourn (corr)"]
[EventRounds "6"]
[EventCountry "GER"]
[SourceTitle "Telechess CBM 157"]
[Source "ChessBase"]
[SourceDate "2013.11.12"]
[SourceVersion "1"]
[SourceVersionDate "2013.11.12"]
[SourceQuality "1"]

1. Nf3 Nf6 2. g3 d5 3. Bg2 c6 4. 0-0 Bg4 5. d3 Nbd7 6. Nbd2 e5 7. e4 Bd6 8. Re1 0-0 9. h3 Bh5 10. exd5 cxd5 11. g4 Bg6 12. Nh4 Nc5 13. Nb1 Be7 14. Rxe5 Bd6 15. Re1 Qd7 16. Nc3 d4 17. Ne2 Bc7 18. b4 Ne6 19. Bxb7 Qd6 20. f4 Rab8 21. Bf3 Qxb4 22. a4 Qd6 23. Ba3 Nc5 24. c3 Nd5 25. Bxd5 Qxd5 26. f5 Qe5 27. Kf1 dxc3 28. Nf3 Qd6 29. d4 1-0

[Event "LSS No Engine Cup 28 Final"]
[Site "LSS email"]
[Date "2011.06.11"]
[Round "?"]
[White "Vyzharov, Ivan"]
[Black "Tortosa, Horacio"]
[Result "1-0"]
[WhiteElo "2105"]
[BlackElo "1827"]
[PlyCount "99"]
[EventDate "2011.06.12"]
[EventType "tourn (corr)"]
[EventRounds "6"]
[EventCountry "GER"]
[SourceTitle "Telechess CBM 157"]
[Source "ChessBase"]
[SourceDate "2013.11.12"]
[SourceVersion "1"]
[SourceVersionDate "2013.11.12"]
[SourceQuality "1"]

1. Nf3 Nf6 2. g3 b6 3. Bg2 Bb7 4. 0-0 e6 5. d3 d5 6. Nbd2 Nbd7 7. Re1 Bc5 8. d4 Bd6 9. e4 dxe4 10. Ng5 0-0 11. Ngxe4 Qc8 12. b3 Be7 13. Bb2 c5 14. dxc5 bxc5 15. Qe2 Qc7 16. Rad1 Rad8 17. a3 Bc6 18. Ng5 Bxg2 19. Kxg2 Qc6+ 20. Qf3 Qxf3+ 21. Ngxf3 h6 22. Nc4 Nb6 23. Na5 Rc8 24. Ne5 Rc7 25. Rd2 Rd8 26. Rxd8+ Bxd8 27. Nac6 Be7 28. Nxe7+ Rxe7 29. Rd1 Kf8 30. Rd8+ Re8 31. Rxe8+ Kxe8 32. Kf3 Nc8 33. a4 Nd6 34. Nc6 a6 35. Nb8 a5 36. Nc6 Nb7 37. Bc3 Kd7 38. Nxa5 Nxa5 39. Bxa5 Kc6 40. Ke2 Ne4 41. f3 Nd6 42. Bd2 h5 43. Be3 Nb7 44. c3 g6 45. Kd3 f5 46. b4 cxb4 47. cxb4 Nd6 48. b5+ Kb7 49. Kd4 Nc8 50. Ke5 1-0

[Event "LSS No Engine Cup 42 Preliminary 3"]
[Site "LSS email"]
[Date "2011.05.07"]
[Round "?"]
[White "Salazar Moran, Alejandro Fortunato"]
[Black "Vyzharov, Ivan"]
[Result "0-1"]
[WhiteElo "1593"]
[BlackElo "2122"]
[PlyCount "84"]
[EventDate "2011.05.08"]
[EventType "tourn (corr)"]
[EventRounds "6"]
[EventCountry "GER"]
[SourceTitle "Telechess CBM 151"]
[Source "ChessBase"]
[SourceDate "2012.11.13"]
[SourceVersion "1"]
[SourceVersionDate "2012.11.13"]
[SourceQuality "1"]

1. e4 e5 2. Nf3 Nc6 3. Bb5 a6 4. Ba4 Nf6 5. 0-0 b5 6. Bb3 Be7 7. Re1 d6 8. h3 Na5 9. d4 Nxb3 10. axb3 Bb7 11. Nbd2 exd4 12. Nxd4 0-0 13. Nf5 Re8 14. f3 Bf8 15. c4 g6 16. Nd4 Bg7 17. cxb5 d5 18. e5 Nh5 19. f4 Nxf4 20. N2f3 Ne6 21. bxa6 Nxd4 22. Nxd4 Rxa6 23. Rxa6 Bxa6 24. Nf3 Bf8 25. Bg5 Qd7 26. Qd2 Qb5 27. Bf6 Qxb3 28. Nd4 Qb6 29. Kh1 Bc8 30. Rf1 c5 31. Nf5 Bxf5 32. Rxf5 d4 33. Rh5 Rb8 34. Qf4 Qxb2 35. Rxh7 Kxh7 36. Qh4+ Bh6 37. Bg5 Kg8 38. Qxh6 Qf2 39. Bf4 Rb1+ 40. Kh2 Qg1+ 41. Kg3 Rb3+ 42. Kh4 Qxg2 0-1

[Event "LSS No Engine Cup 42 Preliminary 3"]
[Site "LSS email"]
[Date "2011.05.07"]
[Round "?"]
[White "Vyzharov, Ivan"]
[Black "Lewis, Jerome A"]
[Result "1-0"]
[WhiteElo "2122"]
[BlackElo "1079"]
[PlyCount "47"]
[EventDate "2011.05.08"]
[EventType "tourn (corr)"]
[EventRounds "6"]
[EventCountry "GER"]
[SourceTitle "Telechess CBM 151"]
[Source "ChessBase"]
[SourceDate "2012.11.13"]
[SourceVersion "1"]
[SourceVersionDate "2012.11.13"]
[SourceQuality "1"]

1. Nf3 c5 2. c4 g6 3. d4 Bg7 4. e4 cxd4 5. Nxd4 Nc6 6. Be3 Nf6 7. Nc3 0-0 8. Be2 d6 9. 0-0 Ng4 10. Bxg4 Nxd4 11. Bxc8 Qxc8 12. Bxd4 Qxc4 13. Bxg7 Kxg7 14. Re1 Rfd8 15. Nd5 e6 16. Rc1 Qb5 17. Nc7 Qd7 18. Nxa8 Rxa8 19. Rc3 b5 20. Qd4+ e5 21. Qd5 Rd8 22. Rec1 a5 23. Rc7 Qe8 24. Ra7 1-0

[Event "RM-2011-0-00074"]
[Site "LSS email"]
[Date "2011.04.25"]
[Round "?"]
[White "Dolgov, Igor Mikhailovich"]
[Black "Vyzharov, Ivan"]
[Result "1-0"]
[WhiteElo "2274"]
[BlackElo "2072"]
[PlyCount "137"]
[EventDate "2011.03.07"]
[EventType "tourn (corr)"]
[EventRounds "6"]
[EventCountry "GER"]
[SourceTitle "Telechess CBM 147"]
[Source "ChessBase"]
[SourceDate "2012.03.16"]
[SourceVersion "1"]
[SourceVersionDate "2012.03.16"]
[SourceQuality "1"]

1. e4 e5 2. Nf3 Nc6 3. Bb5 a6 4. Ba4 Nf6 5. 0-0 b5 6. Bb3 Be7 7. Re1 d6 8. c3 0-0 9. h3 Na5 10. Bc2 c5 11. d4 Qc7 12. Nbd2 Bd7 13. Nf1 cxd4 14. cxd4 Rac8 15. Ne3 Nc6 16. d5 Na5 17. Bd3 Qa7 18. Nf1 Bd8 19. Qe2 Nb7 20. b4 a5 21. Be3 Bb6 22. a3 Bxe3 23. Nxe3 g6 24. Bxb5 Bxb5 25. Qxb5 Nxe4 26. Rac1 Rxc1 27. Rxc1 axb4 28. axb4 Kg7 29. h4 Ra8 30. Ng5 Nxg5 31. hxg5 Nd8 32. Ng4 Qa2 33. Nf6 Qd2 34. Qc4 Rb8 35. Ne4 Qxb4 36. Qc7 Ra8 37. Rc4 Qb3 38. Nxd6 Qd1+ 39. Kh2 Qxd5 40. Qe7 Nb7 41. Qxb7 Qxb7 42. Nxb7 h6 43. gxh6+ Kxh6 44. Nd6 Ra7 45. f3 Kg7 46. Rc6 Rd7 47. g4 Kf8 48. Kg3 Ke7 49. Nc8+ Kf8 50. Kf2 Rd4 51. Nd6 Ke7 52. Nc4 f6 53. g5 Kd7 54. Rc5 Ke6 55. gxf6 Kxf6 56. Nxe5 Rb4 57. Kg3 Ra4 58. f4 Ra1 59. Ng4+ Kg7 60. Rc7+ Kg8 61. Rc6 Kh7 62. Ne5 Rf1 63. Ra6 Re1 64. Kf2 Re4 65. Kf3 Re1 66. Nxg6 Kg7 67. Ne5 Kf8 68. Kg4 Ke7 69. Kf5 1-0

[Event "RM-2011-0-00074"]
[Site "LSS email"]
[Date "2011.04.22"]
[Round "?"]
[White "Vyzharov, Ivan"]
[Black "Ulasevich, Sergei"]
[Result "0-1"]
[WhiteElo "2072"]
[BlackElo "2180"]
[PlyCount "108"]
[EventDate "2011.03.07"]
[EventType "tourn (corr)"]
[EventRounds "6"]
[EventCountry "GER"]
[SourceTitle "Telechess CBM 147"]
[Source "ChessBase"]
[SourceDate "2012.03.16"]
[SourceVersion "1"]
[SourceVersionDate "2012.03.16"]
[SourceQuality "1"]

1. e4 c5 2. Nf3 d6 3. d4 cxd4 4. Nxd4 Nf6 5. Nc3 a6 6. f4 e5 7. Nf3 Nbd7 8. Bc4 b5 9. Bd5 Rb8 10. a3 Be7 11. 0-0 0-0 12. Kh1 Nxd5 13. Nxd5 Bb7 14. a4 b4 15. Bd2 Bxd5 16. exd5 Re8 17. Qe2 Bf6 18. fxe5 dxe5 19. Qe4 Nb6 20. Bxb4 Qxd5 21. Rfe1 g6 22. Rad1 Qxe4 23. Rxe4 Nxa4 24. b3 Nb6 25. Bc5 Rb7 26. g4 Nd7 27. Bf2 Rc7 28. g5 Bg7 29. c4 a5 30. Kg2 Ra8 31. Re3 a4 32. bxa4 Rxa4 33. Bg3 Raxc4 34. Nxe5 Rc2+ 35. Kf1 Nf8 36. Rd8 Rc1+ 37. Kg2 R7c2+ 38. Kh3 Rc8 39. Rd5 R1c7 40. Nf3 Rb7 41. Re2 Ne6 42. Kg2 h6 43. gxh6 Bxh6 44. Ne5 Re7 45. Nd3 Rc3 46. Rf2 Ra7 47. Rd6 Rc4 48. Rd5 Rd4 49. Rxd4 Nxd4 50. Rb2 Nf5 51. Ne5 Be3 52. Nc4 Bd4 53. Rb4 Kh7 54. Kh3 Ra6 0-1

[Event "BI-2011-P-00019"]
[Site "LSS email"]
[Date "2011.04.17"]
[Round "?"]
[White "Kurpnieks, Vairis"]
[Black "Vyzharov, Ivan"]
[Result "1/2-1/2"]
[WhiteElo "2099"]
[BlackElo "2105"]
[PlyCount "113"]
[EventDate "2011.04.20"]
[EventType "tourn (corr)"]
[EventRounds "10"]
[EventCountry "GER"]
[SourceTitle "Telechess CBM 157"]
[Source "ChessBase"]
[SourceDate "2013.11.12"]
[SourceVersion "1"]
[SourceVersionDate "2013.11.12"]
[SourceQuality "1"]

1. d4 Nf6 2. Nf3 e6 3. g3 b5 4. Bg2 Bb7 5. 0-0 Be7 6. Re1 0-0 7. a3 d5 8. Qd3 a6 9. Nbd2 c5 10. c3 Nbd7 11. Nf1 h6 12. b4 c4 13. Qc2 a5 14. Bf4 Nh5 15. Be3 Bd6 16. N3d2 Qc7 17. f4 Ra6 18. Nf3 Rfa8 19. Qb2 Qb8 20. Bf2 Nhf6 21. Ne5 Qa7 22. Rac1 axb4 23. axb4 Ra2 24. Qb1 Nb6 25. Rc2 Ne4 26. Bxe4 dxe4 27. Ne3 Ra6 28. Qc1 f6 29. Ng6 Bc8 30. Qd2 Qf7 31. Nh4 Nd5 32. Rf1 Bd7 33. Nxd5 exd5 34. Be3 Qh5 35. Ng2 Bg4 36. Rfc1 Kh7 37. Qe1 g5 38. Qf2 Ra2 39. Bd2 Rxc2 40. Rxc2 Bxe2 41. fxg5 fxg5 42. Qf5+ Kg7 43. Rc1 Qf7 44. Ne3 Ra2 45. Rc2 Rxc2 46. Qxf7+ Kxf7 47. Nxc2 Bg4 48. Kg2 Be7 49. h3 Be6 50. Na3 Bd7 51. Nc2 Bd6 52. Bc1 Ke6 53. Bd2 Kf6 54. Ne3 Be6 55. Nc2 Kg6 56. Na3 Bd7 57. Nc2 1/2-1/2